000 01219nam a2200277 a 4500
001 BRCA_9140
005 20190320210532.0
008 210218s2017----u--a######---#000-0#eng-#
020 _a9783791356709
041 _aeng
044 _au
050 4 _aNK1410.C2
_b.D47 2017
245 1 0 _aDesign in California and Mexico, 1915-1985
_bfound in translation
_cWendy Kaplan, editor ; Wendy Kaplan and Staci Steinberger, curators ; essays by Keith Eggener ... [et al.] ; contributions by Abbey Chamberlain Brach ... [et al.].
260 _aLos Ángeles
_bLos Angeles County Museum of Art ; Múnich ; Nueva York : DelMonico Books/Prestel
_c2017
300 _a358 p.
_bil. (algunas a color)
_c31 cm.
500 _aIncluye lista de obra e índice alfabético
650 1 4 _aArtes decorativas
_vHistoria
_ySiglo XX
_zCalifornia
_922525
650 1 4 _aArtes decorativas
_vInfluencia
_zCalifornia
_922526
650 1 4 _aArtes decorativas
_vHistoria
_ySiglo XX
_zMéxico
_922527
650 1 4 _aArquitectura y sociedad
_vHistoria
_ySiglo XX
_zCalifornia
_922528
700 1 _aKaplan, Wendy
_eed.
_99076
700 1 _aSteinberger, Staci
_922529
700 1 _aEggener, Keith
_922530
700 1 _aChamberlain Brach, Abbey
_922531
942 _2lcc
_cB
999 _c8787
_d8787